000 00672nam a2200265Ia 4500
005 20260121170601.0
008 008 260114s9999 xx 000 0 eng d
020 _a9783319764245
037 _aEBOOK
040 _aCRL
040 _beng
040 _cCRL
041 _2eng
041 _aeng
084 _qCRL
100 _aEun Young Lee, Johannes Novotny, Michael Wagreich
_91065667
245 0 _aSubsidence Analysis and Visualization
260 _bSpringer
260 _bSpringer
260 _c2019
856 _uhttps://link.springer.com/openurl?genre=book&isbn=978-3-319-76424-5
942 _cEBOOK
999 _c1631397
_d1631397